000 00474nmm a2200157Ia 4500
008 251105s9999||||xx |||||||||||||||||und||
041 _aspa
100 _aMira, Alberto
245 0 _aCrónica de un devenir :
_b Tiempo, experiencia, generaciones
264 _a[Madrid, España] :
_bEditorial Egales,
_c2023
300 _a302 páginas
490 _aEnsayo
650 _aSocial Sciences (General)
856 _uhttps://public.digitaliapublishing.com/a/135794
942 _cCF
999 _c99240
_d99240